Existenciu akých hrozieb zo strany počítačov a internetu si uvedomuje poľská a americká mládež?

Rozmanité povedomie mladých ľudí týkajúce sa rizika vyplývajúceho z používania počítačov a internetu ako aj zodpovedného správania sa pri kontakte s nimi. Oblasti ohrozenia uvedené poľskou a americkou mládežou. Poznatky oboch skupín v sociálno-emocionálnej sfére.

Saved in:
Bibliographic Details
Main Author: Muchacki, Mateusz
Format: Book Chapter
Language:Slovak
Subjects:
Tags: Add Tag
No Tags, Be the first to tag this record!

MARC

LEADER 00000naa$a2200000$$$4500
001 0115290
005 20231010125327.3
041 0 |a slo 
044 |a SK 
245 1 0 |a Existenciu akých hrozieb zo strany počítačov a internetu si uvedomuje poľská a americká mládež?  |c Mateusz Muchacki 
520 |a Rozmanité povedomie mladých ľudí týkajúce sa rizika vyplývajúceho z používania počítačov a internetu ako aj zodpovedného správania sa pri kontakte s nimi. Oblasti ohrozenia uvedené poľskou a americkou mládežou. Poznatky oboch skupín v sociálno-emocionálnej sfére. 
610 2 0 |a Poľsko 
610 2 0 |a USA 
610 2 0 |a vzdelávanie 
610 2 0 |a internet 
610 2 0 |a počítače 
610 2 0 |a komunikácia elektronická 
610 2 0 |a komunikácia neverbálna 
610 2 0 |a prejavy 
610 2 0 |a návyk 
610 2 0 |a správanie 
610 2 0 |a inteligencia 
100 1 |a Muchacki, Mateusz